Introduction To Managerial Economics. (Record no. 8495)

MARC details
000 -LEADER
fixed length control field 00343nam a2200133Ia 4500
008 - FIXED-LENGTH DATA ELEMENTS--GENERAL INFORMATION
fixed length control field 260604s9999 xx 000 0 und d
020 ## - INTERNATIONAL STANDARD BOOK NUMBER
International Standard Book Number 9781836599531
082 ## - DEWEY DECIMAL CLASSIFICATION NUMBER
Classification number 338.502 MAR
100 ## - MAIN ENTRY--PERSONAL NAME
Personal name By david martinez
9 (RLIN) 35671
245 #0 - TITLE STATEMENT
Title Introduction To Managerial Economics.
260 ## - PUBLICATION, DISTRIBUTION, ETC.
Name of publisher, distributor, etc. Ed-Tech Press
500 ## - GENERAL NOTE
General note Managerial Economy
942 ## - ADDED ENTRY ELEMENTS (KOHA)
Koha item type Book
Holdings
Date last seen Total Checkouts Full call number Barcode Cost, replacement price Price effective from Koha item type Lost status Damaged status Not for loan Withdrawn status Home library Current library Shelving location Date acquired Cost, normal purchase price BOOK NO
06/04/2026   338.502 MAR 004113 19544.25 06/04/2026 Book         Indian Institute of Management Visakhapatnam Indian Institute of Management Visakhapatnam   06/04/2026 19544.25 MAR

Copyright © 2024 Indian Institute of Management Visakhapatnam
Koha v23.05